[Event "11th Arad Open 2018"]
[Site "Arad"]
[Date "2018.08.09"]
[Round "6"]
[White "Yordanov, Lachezar"]
[Black "Nicora, Cristi"]
[Result "1/2-1/2"]
[WhiteElo "2314"]
[BlackElo "2158"]
[Annotator "NA"]
[PlyCount "120"]
[EventDate "2018.08.05"]
[EventType "swiss"]
[EventCountry "ROU"]
[SourceTitle "playchess.com"]
[Source "ChessBase"]
[SourceQuality "1"]
[TimeControl "40/5400+30:1800+30"]

1. b3 {[%emt 0:00:00]} d5 {[%emt 0:00:00]} 2. Bb2 {[%emt 0:00:00]} e6 {[%emt 0:00:00]} 3. e3 {[%emt 0:00:00]} Nf6 {[%emt 0:00:00]} 4. Nf3 {[%emt 0:00:02]} Bd6 {[%emt 0:00:00]} 5. d4 {[%emt 0:00:30]} O-O {[%emt 0:00:17]} 6. Bd3 {[%emt 0:00:04]} Nbd7 {[%emt 0:00:46]} 7. O-O {[%emt 0:00:10]} b6 {[%emt 0:05:02]} 8. c4 {[%emt 0:00:13]} Bb7 {[%emt 0:00:48]} 9. Nbd2 {[%emt 0:00:39]} Rc8 {[%emt 0:01:47]} 10. Qe2 {[%emt 0:01:27]} Re8 {[%emt 0:01:56]} 11. e4 {[%emt 0:02:16]} dxe4 {[%emt 0:00:31]} 12. Nxe4 {[%emt 0:00:07]} Nxe4 {[%emt 0:03:37]} 13. Bxe4 {[%emt 0:00:05]} Bxe4 {[%emt 0:00:05]} 14. Qxe4 {[%emt 0:00:05]} f5 {[%emt 0:13:59]} 15. Qe3 {[%emt 0:01:41]} c5 {[%emt 0:02:45]} 16. Rad1 {[%emt 0:00:41]} Qc7 {[%emt 0:00:40]} 17. dxc5 {[%emt 0:01:09]} Nxc5 {[%emt 0:00:39]} 18. Be5 {[%emt 0:03:41]} Bxe5 {[%emt 0:05:00]} 19. Qxe5 {[%emt 0:01:08]} Qe7 {[%emt 0:02:11]} 20. Nd4 {[%emt 0:02:03]} Ne4 {[%emt 0:08:58]} 21. f3 {[%emt 0:02:52]} Rc5 {[%emt 0:02:47]} 22. Qxe6+ {[%emt 0:07:06]} Qxe6 {[%emt 0:01:14]} 23. Nxe6 {[%emt 0:00:05]} Rxe6 {[%emt 0:00:35]} 24. fxe4 {[%emt 0:00:05]} Rxe4 {[%emt 0:00:34]} 25. Rd7 {[%emt 0:00:06]} Ra5 {[%emt 0:03:04]} 26. a4 {[%emt 0:00:07]} Re2 {[%emt 0:07:52]} 27. Rfd1 {[%emt 0:01:32]} Kf8 {[%emt 0:08:46]} 28. R1d5 {[%emt 0:07:43]} Rxd5 {[%emt 0:01:39]} 29. Rxd5 {[%emt 0:00:02]} g6 {[%emt 0:00:20]} 30. a5 {[%emt 0:00:06]} Ke7 {[%emt 0:04:22]} 31. axb6 {[%emt 0:08:18]} axb6 {[%emt 0:00:33]} 32. Rb5 {[%emt 0:00:01]} Re6 {[%emt 0:00:05]} 33. Kf2 {[%emt 0:00:08]} Kd7 {[%emt 0:00:22]} 34. Rd5+ {[%emt 0:00:15]} Kc6 {[%emt 0:02:38]} 35. b4 {[%emt 0:02:17]} Re4 {[%emt 0:00:53]} 36. b5+ {[%emt 0:00:05]} Kc7 {[%emt 0:00:04]} 37. c5 {[%emt 0:00:03]} bxc5 {[%emt 0:00:31]} 38. Rxc5+ {[%emt 0:00:02]} Kb6 {[%emt 0:00:55]} 39. Rd5 {[%emt 0:00:01]} Rb4 {[%emt 0:00:23]} 40. h3 {[%emt 0:00:00]} Rxb5 {[%emt 0:00:00]} 41. Rd7 {[%emt 0:19:32]} Kc5 {[%emt 0:32:31]} 42. Rxh7 {[%emt 0:00:05]} Kd4 {[%emt 0:01:19]} 43. Rg7 {[%emt 0:01:52]} Rb6 {[%emt 0:00:28]} 44. Re7 {[%emt 0:00:11]} Kd5 {[%emt 0:04:01]} 45. Kf3 {[%emt 0:01:01]} Kd6 {[%emt 0:00:58]} 46. Re2 {[%emt 0:00:57]} g5 {[%emt 0:04:35]} 47. Re8 {[%emt 0:00:13]} Rb3+ {[%emt 0:00:04]} 48. Kf2 {[%emt 0:00:06]} f4 {[%emt 0:00:26]} 49. Re4 {[%emt 0:04:41]} Kd5 {[%emt 0:03:03]} 50. Re7 {[%emt 0:00:06]} Kd6 {[%emt 0:00:20]} 51. Re8 {[%emt 0:00:06]} Rb2+ {[%emt 0:00:47]} 52. Kf3 {[%emt 0:00:16]} Rb3+ {[%emt 0:00:02]} 53. Kf2 {[%emt 0:00:06]} Rb2+ {[%emt 0:00:03]} 54. Kg1 {[%emt 0:00:23]} Rb3 {[%emt 0:00:28]} 55. Kf2 {[%emt 0:02:25]} Rb2+ {[%emt 0:00:04]} 56. Re2 {[%emt 0:00:07]} Rb3 {[%emt 0:00:20]} 57. Re4 {[%emt 0:00:26]} Rb2+ {[%emt 0:00:46]} 58. Kg1 {[%emt 0:00:12]} Kd5 {[%emt 0:01:08]} 59. Re8 {[%emt 0:00:11]} Rb1+ {[%emt 0:00:41]} 60. Kf2 {[%emt 0:00:26]} Rb2+ {[%emt 0:00:04]} 1/2-1/2

[Event "11th Arad Open 2018"]
[Site "Arad"]
[Date "2018.08.09"]
[Round "6"]
[White "Trifan, Andrei Ioan"]
[Black "Dumitru, Matei-Ioan"]
[Result "1-0"]
[WhiteElo "2308"]
[BlackElo "2150"]
[Annotator "NA"]
[PlyCount "109"]
[EventDate "2018.08.05"]
[EventType "swiss"]
[EventCountry "ROU"]
[SourceTitle "playchess.com"]
[Source "ChessBase"]
[SourceQuality "1"]
[TimeControl "40/5400+30:1800+30"]

1. e4 {[%emt 0:00:00]} c6 {[%emt 0:00:00]} 2. c4 {[%emt 0:01:13]} d5 {[%emt 0:00:00]} 3. exd5 {[%emt 0:00:35]} cxd5 {[%emt 0:00:00]} 4. cxd5 {[%emt 0:00:37]} Nf6 {[%emt 0:00:00]} 5. Nc3 {[%emt 0:00:22]} Nxd5 {[%emt 0:00:00]} 6. Nf3 {[%emt 0:01:04]} g6 {[%emt 0:00:00]} 7. Bb5+ {[%emt 0:07:01]} Bd7 {[%emt 0:05:51]} 8. Bc4 {[%emt 0:01:26]} Nb6 {[%emt 0:00:44]} 9. Bb3 {[%emt 0:02:47]} Bg7 {[%emt 0:00:16]} 10. O-O {[%emt 0:01:33]} O-O {[%emt 0:00:19]} 11. d4 {[%emt 0:07:18]} Nc6 {[%emt 0:00:07]} 12. d5 {[%emt 0:02:59]} Na5 {[%emt 0:00:35]} 13. Bg5 {[%emt 0:09:49]} Nxb3 {[%emt 0:02:04]} 14. axb3 {[%emt 0:04:00]} h6 {[%emt 0:01:32]} 15. Be3 {[%emt 0:02:32]} Re8 {[%emt 0:14:11]} 16. Qd2 {[%emt 0:04:33]} Kh7 {[%emt 0:00:29]} 17. h3 {[%emt 0:02:12]} Nc8 {[%emt 0:03:58]} 18. Rfd1 {[%emt 0:02:38]} a6 {[%emt 0:04:36]} 19. Na4 {[%emt 0:02:06]} Bxa4 {[%emt 0:04:51]} 20. bxa4 {[%emt 0:01:18]} Nd6 {[%emt 0:00:39]} 21. Qb4 {[%emt 0:05:47]} Rc8 {[%emt 0:04:32]} 22. Rac1 {[%emt 0:02:56]} Rxc1 {[%emt 0:01:23]} 23. Rxc1 {[%emt 0:02:00]} Qd7 {[%emt 0:02:14]} 24. Bc5 {[%emt 0:04:13]} Nf5 {[%emt 0:05:15]} 25. Rd1 {[%emt 0:02:29]} Rc8 {[%emt 0:05:03]} 26. g4 {[%emt 0:03:52]} Qc7 {[%emt 0:03:52]} 27. Bb6 {[%emt 0:03:56]} Qc2 {[%emt 0:02:05]} 28. Rd2 {[%emt 0:03:38]} Qc1+ {[%emt 0:01:59]} 29. Kg2 {[%emt 0:01:16]} Rc4 {[%emt 0:04:12]} 30. Qb3 {[%emt 0:00:44]} Nd6 {[%emt 0:01:10]} 31. Re2 {[%emt 0:03:00]} Re4 {[%emt 0:17:15]} 32. Rxe4 {[%emt 0:02:22]} Nxe4 {[%emt 0:00:05]} 33. Qb4 {[%emt 0:01:25]} Ng5 {[%emt 0:02:01]} 34. Be3 {[%emt 0:01:50]} Qxb2 {[%emt 0:07:58]} 35. Nxg5+ {[%emt 0:00:54]} hxg5 {[%emt 0:00:19]} 36. Qxe7 {[%emt 0:00:40]} Qe5 {[%emt 0:03:58]} 37. Qxf7 {[%emt 0:03:41]} Qe4+ {[%emt 0:00:14]} 38. Qf3 {[%emt 0:00:58]} Qxa4 {[%emt 0:00:26]} 39. Bxg5 {[%emt 0:00:34]} Qd7 {[%emt 0:00:24]} 40. Qe4 {[%emt 0:00:00]} b5 {[%emt 0:00:00]} 41. Bd2 {[%emt 0:22:04]} Bf8 {[%emt 0:19:33]} 42. h4 {[%emt 0:06:13]} Qe7 {[%emt 0:02:57]} 43. Qf4 {[%emt 0:02:58]} b4 {[%emt 0:06:09]} 44. h5 {[%emt 0:01:21]} gxh5 {[%emt 0:01:00]} 45. Qf5+ {[%emt 0:01:04]} Kg8 {[%emt 0:00:26]} 46. gxh5 {[%emt 0:02:50]} Qf7 {[%emt 0:02:24]} 47. Qg4+ {[%emt 0:01:33]} Qg7 {[%emt 0:02:33]} 48. Qxg7+ {[%emt 0:01:22]} Kxg7 {[%emt 0:00:07]} 49. Kf3 {[%emt 0:00:26]} a5 {[%emt 0:01:10]} 50. Ke4 {[%emt 0:00:13]} a4 {[%emt 0:01:59]} 51. Kd3 {[%emt 0:00:22]} Bc5 {[%emt 0:01:41]} 52. Kc4 {[%emt 0:00:52]} a3 {[%emt 0:00:36]} 53. Kxc5 {[%emt 0:01:24]} b3 {[%emt 0:00:43]} 54. d6 {[%emt 0:00:13]} Kf7 {[%emt 0:00:30]} 55. d7 {[%emt 0:00:36]} 1-0

[Event "11th Arad Open 2018"]
[Site "Arad"]
[Date "2018.08.09"]
[Round "6"]
[White "Tomici, Stefan"]
[Black "Mozes, Ervin"]
[Result "1/2-1/2"]
[WhiteElo "2306"]
[BlackElo "2143"]
[Annotator "NA"]
[PlyCount "90"]
[EventDate "2018.08.05"]
[EventType "swiss"]
[EventCountry "ROU"]
[SourceTitle "playchess.com"]
[Source "ChessBase"]
[SourceQuality "1"]
[TimeControl "40/5400+30:1800+30"]

1. e4 {[%emt 0:02:43]} Nf6 {[%emt 0:00:00]} 2. e5 {[%emt 0:00:06]} Nd5 {[%emt 0:00:00]} 3. d4 {[%emt 0:00:05]} d6 {[%emt 0:00:00]} 4. c4 {[%emt 0:00:06]} Nb6 {[%emt 0:00:00]} 5. exd6 {[%emt 0:00:08]} exd6 {[%emt 0:00:04]} 6. Nc3 {[%emt 0:01:10]} Be7 {[%emt 0:00:56]} 7. Bd3 {[%emt 0:08:36]} O-O {[%emt 0:01:13]} 8. Nge2 {[%emt 0:00:48]} Nc6 {[%emt 0:02:23]} 9. b3 {[%emt 0:14:22]} Re8 {[%emt 0:02:30]} 10. O-O {[%emt 0:11:00]} Bf6 {[%emt 0:06:47]} 11. Bb2 {[%emt 0:07:25]} Bg4 {[%emt 0:15:38]} 12. f3 {[%emt 0:09:34]} Bh5 {[%emt 0:00:01]} 13. Ne4 {[%emt 0:00:11]} Bg6 {[%emt 0:05:28]} 14. Nxf6+ {[%emt 0:08:43]} Qxf6 {[%emt 0:00:46]} 15. Bxg6 {[%emt 0:00:06]} fxg6 {[%emt 0:01:24]} 16. Qd2 {[%emt 0:05:21]} d5 {[%emt 0:06:15]} 17. c5 {[%emt 0:03:48]} Nd7 {[%emt 0:04:43]} 18. Rae1 {[%emt 0:01:57]} Qf7 {[%emt 0:10:27]} 19. Nf4 {[%emt 0:05:10]} g5 {[%emt 0:14:51]} 20. Nd3 {[%emt 0:02:31]} h6 {[%emt 0:00:23]} 21. b4 {[%emt 0:03:15]} a6 {[%emt 0:02:11]} 22. Bc3 {[%emt 0:02:05]} Rxe1 {[%emt 0:03:11]} 23. Rxe1 {[%emt 0:01:36]} Re8 {[%emt 0:01:04]} 24. a4 {[%emt 0:02:18]} Rxe1+ {[%emt 0:02:23]} 25. Qxe1 {[%emt 0:01:00]} Qe7 {[%emt 0:00:19]} 26. Qxe7 {[%emt 0:01:07]} Nxe7 {[%emt 0:00:16]} 27. Kf2 {[%emt 0:00:19]} c6 {[%emt 0:01:00]} 28. g4 {[%emt 0:01:05]} Ng6 {[%emt 0:06:25]} 29. Ke3 {[%emt 0:01:16]} Kf7 {[%emt 0:00:43]} 30. Be1 {[%emt 0:01:09]} Ndf8 {[%emt 0:00:39]} 31. Bg3 {[%emt 0:01:24]} Ne6 {[%emt 0:00:03]} 32. Nc1 {[%emt 0:00:40]} Ke8 {[%emt 0:00:31]} 33. Ne2 {[%emt 0:01:28]} Kd7 {[%emt 0:00:23]} 34. Nc3 {[%emt 0:02:36]} Kc8 {[%emt 0:01:55]} 35. b5 {[%emt 0:00:24]} axb5 {[%emt 0:00:07]} 36. axb5 {[%emt 0:00:06]} Kd7 {[%emt 0:01:04]} 37. b6 {[%emt 0:01:27]} Ngf4 {[%emt 0:00:42]} 38. Nd1 {[%emt 0:00:58]} Ng2+ {[%emt 0:00:35]} 39. Kd3 {[%emt 0:00:08]} Ngf4+ {[%emt 0:00:02]} 40. Bxf4 {[%emt 0:00:00]} gxf4 {[%emt 0:00:00]} 41. h4 {[%emt 0:18:02]} g5 {[%emt 0:16:14]} 42. h5 {[%emt 0:02:07]} Nd8 {[%emt 0:00:13]} 43. Nf2 {[%emt 0:00:09]} Nf7 {[%emt 0:00:13]} 44. Kc3 {[%emt 0:00:42]} Kc8 {[%emt 0:00:04]} 45. Nd3 {[%emt 0:00:30]} Kd7 {[%emt 0:00:10]} 1/2-1/2

[Event "11th Arad Open 2018"]
[Site "Arad"]
[Date "2018.08.09"]
[Round "6"]
[White "Nastase, Robert-Paul"]
[Black "David, Bogdan-Emanuel"]
[Result "1-0"]
[WhiteElo "2299"]
[BlackElo "2104"]
[Annotator "NA"]
[PlyCount "79"]
[EventDate "2018.08.05"]
[EventType "swiss"]
[EventCountry "ROU"]
[SourceTitle "playchess.com"]
[Source "ChessBase"]
[SourceQuality "1"]
[TimeControl "40/5400+30:1800+30"]

1. d4 {[%emt 0:00:00]} Nf6 {[%emt 0:01:17]} 2. c4 {[%emt 0:00:00]} g6 {[%emt 0:00:09]} 3. Nc3 {[%emt 0:00:00]} Bg7 {[%emt 0:00:08]} 4. e4 {[%emt 0:00:00]} d6 {[%emt 0:00:09]} 5. f3 {[%emt 0:00:00]} O-O {[%emt 0:00:34]} 6. Bg5 {[%emt 0:00:00]} h6 {[%emt 0:00:56]} 7. Be3 {[%emt 0:00:00]} c5 {[%emt 0:01:05]} 8. d5 {[%emt 0:00:03]} e6 {[%emt 0:00:44]} 9. Qd2 {[%emt 0:00:05]} exd5 {[%emt 0:00:38]} 10. cxd5 {[%emt 0:00:06]} h5 {[%emt 0:01:26]} 11. a4 {[%emt 0:05:37]} Nbd7 {[%emt 0:02:41]} 12. Nh3 {[%emt 0:00:07]} Re8 {[%emt 0:02:09]} 13. Be2 {[%emt 0:00:12]} Ne5 {[%emt 0:00:52]} 14. Nf2 {[%emt 0:00:06]} a6 {[%emt 0:00:58]} 15. O-O {[%emt 0:00:08]} Rb8 {[%emt 0:03:33]} 16. h3 {[%emt 0:02:33]} Nh7 {[%emt 0:18:08]} 17. f4 {[%emt 0:20:54]} Nd7 {[%emt 0:00:26]} 18. Bd3 {[%emt 0:03:43]} Ndf6 {[%emt 0:11:14]} 19. Qe2 {[%emt 0:25:57]} Qe7 {[%emt 0:15:40]} 20. Rae1 {[%emt 0:00:56]} h4 {[%emt 0:04:45]} 21. Qf3 {[%emt 0:01:56]} Nh5 {[%emt 0:02:59]} 22. Nh1 {[%emt 0:00:13]} b5 {[%emt 0:01:51]} 23. e5 {[%emt 0:04:00]} dxe5 {[%emt 0:02:39]} 24. fxe5 {[%emt 0:07:00]} Bxe5 {[%emt 0:04:43]} 25. d6 {[%emt 0:06:17]} Bxd6 {[%emt 0:03:38]} 26. Nd5 {[%emt 0:05:28]} Qb7 {[%emt 0:07:51]} 27. Be4 {[%emt 0:07:07]} Rxe4 {[%emt 0:01:41]} 28. Qxe4 {[%emt 0:00:06]} Be6 {[%emt 0:00:10]} 29. Nc3 {[%emt 0:06:33]} Qc7 {[%emt 0:00:58]} 30. axb5 {[%emt 0:00:50]} axb5 {[%emt 0:01:27]} 31. Qxh4 {[%emt 0:00:15]} Ng7 {[%emt 0:08:43]} 32. Bf4 {[%emt 0:00:50]} Nf5 {[%emt 0:00:14]} 33. Bxd6 {[%emt 0:00:17]} Qxd6 {[%emt 0:00:13]} 34. Qf4 {[%emt 0:00:10]} Qb6 {[%emt 0:00:54]} 35. Ng3 {[%emt 0:01:01]} Nxg3 {[%emt 0:01:07]} 36. Qxg3 {[%emt 0:00:07]} c4+ {[%emt 0:00:35]} 37. Kh1 {[%emt 0:00:20]} b4 {[%emt 0:00:23]} 38. Rxe6 {[%emt 0:00:16]} fxe6 {[%emt 0:00:28]} 39. Qxg6+ {[%emt 0:00:09]} Kh8 {[%emt 0:00:15]} 40. Rf7 {[%emt 0:00:00]} 1-0

[Event "11th Arad Open 2018"]
[Site "Arad"]
[Date "2018.08.09"]
[Round "6"]
[White "Florescu, Codrut-Constantin"]
[Black "Bai, Adelard"]
[Result "1/2-1/2"]
[WhiteElo "2295"]
[BlackElo "2071"]
[Annotator "NA"]
[PlyCount "68"]
[EventDate "2018.08.05"]
[EventType "swiss"]
[EventCountry "ROU"]
[SourceTitle "playchess.com"]
[Source "ChessBase"]
[SourceQuality "1"]
[TimeControl "40/5400+30:1800+30"]

1. d4 {[%emt 0:00:00]} Nf6 {[%emt 0:00:00]} 2. Bf4 {[%emt 0:00:00]} g6 {[%emt 0:00:00]} 3. Nf3 {[%emt 0:00:00]} Bg7 {[%emt 0:00:02]} 4. e3 {[%emt 0:00:04]} d6 {[%emt 0:00:40]} 5. Be2 {[%emt 0:00:08]} O-O {[%emt 0:01:12]} 6. O-O {[%emt 0:00:06]} b6 {[%emt 0:00:16]} 7. c4 {[%emt 0:00:10]} Bb7 {[%emt 0:00:57]} 8. Nc3 {[%emt 0:00:08]} Nbd7 {[%emt 0:01:51]} 9. b4 {[%emt 0:00:34]} c5 {[%emt 0:14:30]} 10. bxc5 {[%emt 0:00:13]} dxc5 {[%emt 0:01:19]} 11. d5 {[%emt 0:00:34]} Nh5 {[%emt 0:04:30]} 12. Qd2 {[%emt 0:00:04]} Nxf4 {[%emt 0:00:15]} 13. exf4 {[%emt 0:00:05]} Nf6 {[%emt 0:18:05]} 14. Rad1 {[%emt 0:00:08]} Ne8 {[%emt 0:02:15]} 15. Rfe1 {[%emt 0:01:04]} Nd6 {[%emt 0:02:24]} 16. Bd3 {[%emt 0:00:17]} Qc7 {[%emt 0:08:18]} 17. Ne5 {[%emt 0:00:24]} Rae8 {[%emt 0:04:14]} 18. Bf1 {[%emt 0:03:39]} Ba6 {[%emt 0:11:21]} 19. a4 {[%emt 0:00:46]} f6 {[%emt 0:03:34]} 20. Nc6 {[%emt 0:00:53]} Bxc4 {[%emt 0:01:36]} 21. Bxc4 {[%emt 0:07:34]} Nxc4 {[%emt 0:00:11]} 22. Qa2 {[%emt 0:00:34]} Nd6 {[%emt 0:01:08]} 23. Nb5 {[%emt 0:00:32]} Qd7 {[%emt 0:00:25]} 24. Re6 {[%emt 0:01:59]} Kh8 {[%emt 0:04:15]} 25. Rde1 {[%emt 0:00:16]} Nc8 {[%emt 0:01:48]} 26. f5 {[%emt 0:04:04]} gxf5 {[%emt 0:02:27]} 27. Qe2 {[%emt 0:00:57]} Rg8 {[%emt 0:01:31]} 28. Qf3 {[%emt 0:03:59]} Bh6 {[%emt 0:02:08]} 29. Qxf5 {[%emt 0:01:40]} a6 {[%emt 0:02:26]} 30. Na3 {[%emt 0:02:15]} Rg5 {[%emt 0:00:40]} 31. Qh3 {[%emt 0:04:29]} Qxd5 {[%emt 0:00:51]} 32. f4 {[%emt 0:00:53]} Rh5 {[%emt 0:01:24]} 33. Qc3 {[%emt 0:01:47]} Rg8 34. g3 Bxf4 1/2-1/2

[Event "11th Arad Open 2018"]
[Site "Arad"]
[Date "2018.08.09"]
[Round "6"]
[White "Gheorghiu, Calin"]
[Black "Miron, Lucian-Costin"]
[Result "0-1"]
[WhiteElo "2292"]
[BlackElo "2460"]
[Annotator "TA"]
[PlyCount "102"]
[EventDate "2018.08.05"]
[EventType "swiss"]
[EventCountry "ROU"]
[SourceTitle "playchess.com"]
[Source "ChessBase"]
[SourceQuality "1"]

{[%evp 11,101,29,38,0,40,29,24,20,31,18,18,0,10,4,4,0,3,0,24,22,15,13,22,-5,3,0,0,0,0,-2,0,0,-14,-22,-17,-47,-47,-81,-53,-89,-76,-125,-58,-134,-11,-31,-8,0,0,0,0,0,0,-18,-11,-28,0,-6,0,-484,-474,-466,-465,-462,-447,-498,-495,-486,-469,-581,-577,-766,-756,-776,-737,-793,-699,-760,-719,-1134,-1122,-29980,-6720,-2437,-831,-29995,-29992,-29995,-29996,-29998,-29999,-29999]} 1. d4 d5 2. c4 c6 3. Nc3 Nf6 4. e3 Bf5 5. Nf3 e6 6. Nh4 Be4 {LiveBook: 1699 Games. D12: Slav Defence: 3 Nf3 Nf6 4 e3 Bf5} (6... Bg6 7. Bd2 Nbd7 8. Nxg6 hxg6 9. c5 e5 10. b4 Be7 11. b5 O-O 12. Qa4 Re8 13. bxc6 bxc6 14. Be2 exd4 15. exd4 Nxc5 16. dxc5 {0-1 (25) Bluebaum,M (2631)-Vitiugov,N (2735) Karlsruhe/Baden-Baden 2018}) 7. cxd5 exd5 8. Be2 Bd6 {White has an edge.} 9. O-O Bg6 $146 ({Predecessor:} 9... O-O 10. Nxe4 Nxe4 11. Nf3 Nd7 12. a3 f5 13. Bd3 Qe7 14. b4 {0-1 (42) Malets,A-Mynbayev,B Kostanay 2012}) 10. g3 O-O 11. Bd2 Nbd7 {[%cal Bb8d7,Bd7b6,Bb6c4][%mdl 32]} 12. Rc1 Re8 13. a3 a5 14. f3 Nb6 15. Re1 Bf8 16. Nxg6 hxg6 17. Bd3 Nc4 18. Rc2 b5 19. Bc1 Qb6 20. Kg2 Rad8 21. Rce2 a4 22. Bb1 c5 23. Qd3 Qc6 24. Bc2 Ra8 25. Nb1 Rac8 26. g4 {[%cal Bg3g4,Bg4g5][%mdl 32]} Re6 ({Better is} 26... b4 $17 {Strongly threatening ...cxd4.} 27. Qd1 b3) 27. h4 {[#]} ({White should play} 27. Qd1 $15) 27... Rce8 (27... Nxg4 $1 $17 {[%mdl 512]} 28. fxg4 Re4) 28. Nc3 $11 Bd6 {[#]} 29. h5 $1 {[%mdl 512]} gxh5 30. g5 {[#]} Ne4 $1 $36 {[%mdl 2560] Black has some pressure.} 31. fxe4 dxe4 32. Qd1 {aiming for d5.} Rg6 33. Kg1 $1 Rxg5+ (33... Bg3 $5 {[%cal Rg3e1]} 34. Rf1 Rxg5 35. dxc5 Be1+ 36. Rg2 Rxg2+ 37. Kxg2 Bxc3 38. bxc3 Qxc5 $16) 34. Rg2 Bg3 {[%cal Bd6g3,Bg3e1,Be1a5][%mdl 32] White must now prevent ...h4.} 35. Bxe4 $2 {[%mdl 8192]} (35. dxc5 $11 {and White stays safe.} h4 36. Bxe4) 35... Rxe4 $19 36. Qf3 Bxe1 37. Nxe4 Rxg2+ 38. Qxg2 cxd4 39. exd4 Ba5 40. d5 Qb6+ 41. Kh1 Qd4 42. Bg5 Bc7 43. d6 Qd1+ 44. Kh2 Bxd6+ 45. Kh3 Be5 46. Nf2 Qd7+ (46... Qb3+ $142 47. Kh4 Bxb2 48. Qa8+ Kh7 49. Qc6 Ne5 50. Qe4+ {[#]} f5 $1 {[%mdl 512]} 51. Qe2 Ng6+ 52. Kxh5 Nf4+ $1 {[%mdl 512]} 53. Bxf4 Bf6 54. Bg5 Qg3 55. Bxf6 g6#) 47. Kh4 Qf5 {Hoping for ...Bd4.} 48. Kxh5 f6 {Black mates.} 49. Qa8+ Kh7 {[%csl Gf6][%cal Rf5g5]} 50. Ne4 Qh3+ 51. Bh4 g6# {Precision: White = 43%, Black = 60%.} 0-1

[Event "11th Arad Open 2018"]
[Site "Arad"]
[Date "2018.08.09"]
[Round "6"]
[White "Cerbulenco, Liviu"]
[Black "Womacka, Mathias"]
[Result "0-1"]
[WhiteElo "2287"]
[BlackElo "2450"]
[Annotator "TA"]
[PlyCount "76"]
[EventDate "2018.08.05"]
[EventType "swiss"]
[EventCountry "ROU"]
[SourceTitle "playchess.com"]
[Source "ChessBase"]
[SourceQuality "1"]

{[%evp 22,76,0,-2,2,-15,-10,-8,-10,-10,-11,-14,-44,-50,-48,-75,-21,-27,-22,-71,-60,-59,-58,-54,-64,-75,-70,-74,-61,-71,-60,-75,-70,-102,-79,-187,-177,-254,-253,-254,-245,-234,-235,-233,-218,-1606,-1538,-29981,-29982,-29980,-29981,-29978,-4132,-1188,-1000,-29981,-29982]} 1. e4 c5 2. Nf3 d6 3. d4 cxd4 4. Nxd4 Nf6 5. Nc3 a6 6. h3 e6 7. g4 b5 8. Bg2 Bb7 9. O-O {B81: Sicilian Scheveningen: Keres Attack} Nfd7 10. Re1 Nc6 (10... Be7 11. e5 d5 12. a4 b4 13. Nxd5 Bxd5 14. Bxd5 exd5 15. e6 O-O 16. exd7 Qxd7 {1-0 (44) Anand,V (2803)-Volokitin,A (2639) Berlin 2015}) 11. Nxc6 Bxc6 12. a4 {LiveBook: 3 Games} b4 13. Nd5 a5 14. c3 $146 ({Predecessor:} 14. Qd4 Rc8 15. Ne3 Nc5 16. Nc4 e5 {½-½ (38) Narayanan,S (2383)-Sethuraman,S (2546) Ho Chi Minh City 2012}) 14... bxc3 15. Nxc3 Be7 16. Bf1 O-O 17. Bb5 Bb7 18. Be3 Nf6 ({Black should play} 18... Nc5 $17 19. f3 d5) 19. Qd3 $11 d5 20. e5 {[#]} Nd7 $1 {[%cal Rd7e5,Bf6d7,Bd7c5,Bc5e4][%mdl 32]} 21. Bd4 Nc5 22. Qc2 Rc8 23. Rad1 f6 24. f4 fxe5 25. fxe5 Ne4 {...Ng5 is the strong threat.} 26. Rf1 Qc7 27. Qd3 Bc5 28. Rxf8+ (28. Kg2 $17 {keeps fighting.}) 28... Rxf8 $19 29. Qe3 (29. Bxc5 $142 Qxc5+ 30. Qd4 Qxd4+ 31. Rxd4) 29... Bxd4 30. Rxd4 Qxe5 31. Nxe4 dxe4 32. Be2 Bd5 33. b4 $2 (33. Rd2) 33... axb4 34. Rxb4 Qa1+ 35. Kg2 Qe1 36. Rb2 {[#]} Rf2+ (36... Rf3 $142 $1 {[%mdl 512]} 37. Qxf3 (37. Bxf3 exf3+) 37... exf3+ 38. Bxf3 Bxf3+ 39. Kxf3 Qc3+ 40. Ke4 Qxb2 41. a5 Qb4+ 42. Kf3 Qxa5 43. h4 Qc3+ 44. Ke4 Qe1+ 45. Kf4 e5+ 46. Kf3 e4+ 47. Kf4 e3 48. g5 e2 49. g6 Qb4+ 50. Kf3 e1=Q 51. gxh7+ Kxh7 52. Kg2 Qg4+ 53. Kh2 Qexh4#) 37. Qxf2 e3+ $1 38. Qf3 Qf2+ {Precision: White = 44%, Black = 73%.} 0-1